000 01187cam a2200289 a 4500
001 1087930
003 ARRUPE
005 20150115130642.0
008 920701s1995 maua b 001 0 eng
010 _a 92023215
020 _a0201532808
040 _aDLC
_cDLC
_dDLC
050 0 0 _aT385
_b.S622 1995
082 0 0 _a510/.285/5369
_220
100 1 _aSmith, Cameron,
_d1959-
_914026
245 1 4 _aThe Mathematica graphics guidebook /
_cCameron Smith and Nancy Blachman.
260 _aReading, Mass. :
_bAddison-Wesley,
_cc1995.
300 _axxi, 339 p. :
_bill. (some col.) ;
_c24 cm. +
_e1 computer disk (3 1/2 in.)
504 _aIncludes bibliographical references (p. [327]-330) and index.
538 _aSystem requirements for accompanying computer disk: Macintosh, DOS, MS Windows, UNIX versions of Mathematica; version 2.0 or later.
630 0 0 _aMathematica (Computer file)
_914027
650 0 _aComputer graphics.
_914028
700 1 _aBlachman, Nancy.
_914029
906 _a7
_bcbc
_corignew
_d1
_eocip
_f19
_gy-gencatlg
942 _2lcc
_cMONOGRAPH
999 _c121695
_d121695